[Event "Online Olym Div2 C 2020"]
[Site "chess.com INT"]
[Date "2020.08.15"]
[Round "5.1"]
[Board "5"]
[White "Veleshnja, Zino"]
[Black "Henderson de La Fuente, Lance"]
[Result "0-1"]
[BlackTitle "GM"]
[WhiteElo "2287"]
[BlackElo "2491"]
[WhiteTeam "Albania"]
[BlackTeam "Spain"]
[WhiteFideId "4701313"]
[BlackFideId "32096585"]
[EventDate "2020.08.14"]
[EventType "team"]

1. d4 Nf6 2. c4 e6 3. g3 d5 4. Nf3 Bb4+ 5. Bd2 Be7 6. Bg2 O-O 7. O-O Nbd7 8. Qc2
c6 9. Bf4 Ne4 10. Nc3 g5 11. Bc1 f5 12. Ne5 Bf6 13. f4 gxf4 14. Nxe4 dxe4 15.
Bxf4 Nxe5 16. dxe5 Be7 17. Rad1 Qb6+ 18. Kh1 Rd8 19. c5 Qc7 20. g4 Rd5 21. b4 a5
22. Rxd5 cxd5 23. gxf5 exf5 24. Bh3 Be6 25. Qb2 Qd7 26. Rg1+ Kf7 27. Bxf5 Rg8
28. Bxe6+ Qxe6 29. Bg3 h5 30. Rf1+ Ke8 31. bxa5 h4 32. Qb5+ Kd8 33. Bf4 Qh3 34.
Qb6+ Kc8 35. Rf2 Qg4 36. Rf1 Qg2# 0-1

[Event "Online Olym Div2 C 2020"]
[Site "chess.com INT"]
[Date "2020.08.15"]
[Round "5.1"]
[Board "6"]
[White "Eizaguerri Floris, Maria"]
[Black "Shuqja, Klean"]
[Result "1-0"]
[WhiteTitle "WFM"]
[BlackTitle "WCM"]
[WhiteElo "2167"]
[BlackElo "1838"]
[WhiteTeam "Spain"]
[BlackTeam "Albania"]
[WhiteFideId "32065752"]
[BlackFideId "4701585"]
[EventDate "2020.08.14"]
[EventType "team"]

1. e4 e6 2. d4 d5 3. Bd3 dxe4 4. Bxe4 Nf6 5. Bf3 c5 6. Ne2 Nbd7 7. O-O Be7 8. c4
O-O 9. Nbc3 cxd4 10. Nxd4 Ne5 11. Be2 a6 12. Be3 Qc7 13. Na4 Bd7 14. h3 Rfd8 15.
Rc1 Qa5 16. Nc3 Rac8 17. Qb3 Qc7 18. Na4 Bxa4 19. Qxa4 Ned7 20. b4 Ne5 21. Qb3
Nc6 22. Nxc6 bxc6 23. b5 axb5 24. cxb5 c5 25. b6 Qb7 26. a4 Nd5 27. a5 Rb8 28.
Bxc5 Bxc5 29. Rxc5 Rdc8 30. Rfc1 Rd8 31. Bf3 h6 32. Qb5 Rd7 33. Bxd5 Rxd5 34.
Rxd5 exd5 35. Rc7 Qa8 36. Ra7 Qxa7 37. bxa7 Rxb5 38. a8=Q+ Kh7 39. a6 1-0

[Event "Online Olym Div2 C 2020"]
[Site "chess.com INT"]
[Date "2020.08.15"]
[Round "5.2"]
[Board "1"]
[White "Georgiev, Kiril"]
[Black "Studer, Noel"]
[Result "1-0"]
[WhiteTitle "GM"]
[BlackTitle "GM"]
[WhiteElo "2592"]
[BlackElo "2573"]
[WhiteTeam "North Macedonia"]
[BlackTeam "Switzerland"]
[WhiteFideId "2900017"]
[BlackFideId "1319620"]
[EventDate "2020.08.14"]
[EventType "team"]

1. c4 e5 2. Nc3 Nf6 3. Nf3 Nc6 4. e3 Bb4 5. Qc2 Bxc3 6. Qxc3 Qe7 7. d4 Ne4 8.
Qd3 exd4 9. Nxd4 O-O 10. Be2 Qb4+ 11. Kf1 Qe7 12. f3 f5 13. Kg1 Nc5 14. Qd2 d6
15. b3 a5 16. Bb2 Ne5 17. h4 Bd7 18. Re1 Rf6 19. Nb5 Bxb5 20. cxb5 Rg6 21. Rh3
Rh6 22. h5 Qe8 23. f4 Ng4 24. Qd5+ Qf7 25. Bc4 Qxd5 26. Bxd5+ Kf8 27. Bd4 Nf6
28. Bf3 Rb8 29. Rg3 Nxh5 30. Rh3 g6 31. Bxc5 dxc5 32. Rd1 Ke7 33. Kf2 b6 34. Bc6
Rd8 35. Rxd8 Kxd8 36. Ke1 Ke7 37. e4 Kf7 38. e5 Kg7 39. g3 Kf7 40. Kd2 Kg7 41.
Bf3 Kf8 42. a4 Kf7 43. Ke3 Kg7 44. g4 fxg4 45. Bxg4 Kf8 46. f5 Kf7 47. Kf3 Kg7
48. Rh1 gxf5 49. Bxh5 c6 50. Kf4 cxb5 51. axb5 Kf8 52. Kg5 Re6 53. Kxf5 Rh6 54.
Kg5 Re6 55. Rf1+ Kg7 56. Kf5 Rh6 57. Bg4 Rh2 58. e6 c4 59. bxc4 a4 60. Re1 Rf2+
61. Ke5 a3 62. e7 Kf7 63. Kd6 Rd2+ 64. Kc7 1-0

[Event "Online Olym Div2 C 2020"]
[Site "chess.com INT"]
[Date "2020.08.15"]
[Round "5.2"]
[Board "2"]
[White "Georgiadis, Nico"]
[Black "Stojanovski, Dejan"]
[Result "1/2-1/2"]
[WhiteTitle "GM"]
[BlackTitle "IM"]
[WhiteElo "2551"]
[BlackElo "2421"]
[WhiteTeam "Switzerland"]
[BlackTeam "North Macedonia"]
[WhiteFideId "1300113"]
[BlackFideId "15000796"]
[EventDate "2020.08.14"]
[EventType "team"]

1. e4 c5 2. Nf3 Nc6 3. Nc3 g6 4. d4 cxd4 5. Nxd4 Bg7 6. Be3 Nf6 7. Bc4 O-O 8.
Bb3 a5 9. O-O Nxd4 10. Bxd4 d6 11. Qe2 Bd7 12. Rad1 Bc6 13. Nd5 Nd7 14. c3 Bxd4
15. cxd4 a4 16. Bc4 Nb6 17. Nc3 d5 18. Bb5 Bxb5 19. Qxb5 dxe4 20. Nxe4 Nd5 21.
Nc5 e6 22. a3 Qb6 23. Qxb6 Nxb6 24. Nxb7 Nc4 25. Nc5 Rfb8 26. Rc1 Nd2 27. Rfd1
Rxb2 28. Nd3 Ra2 29. Nb4 Rb2 30. Nd3 Ra2 31. Nb4 Rb2 32. Nd3 1/2-1/2

[Event "Online Olym Div2 C 2020"]
[Site "chess.com INT"]
[Date "2020.08.15"]
[Round "5.2"]
[Board "3"]
[White "Stojkovska, Monika"]
[Black "Georgescu, Lena"]
[Result "1/2-1/2"]
[WhiteTitle "WFM"]
[BlackTitle "WIM"]
[WhiteElo "2106"]
[BlackElo "2276"]
[WhiteTeam "North Macedonia"]
[BlackTeam "Switzerland"]
[WhiteFideId "15002594"]
[BlackFideId "1331973"]
[EventDate "2020.08.14"]
[EventType "team"]

1. e4 e5 2. Nf3 Nc6 3. Bc4 Bc5 4. O-O Nf6 5. d3 O-O 6. c3 d6 7. h3 h6 8. Nbd2 a5
9. Re1 Be6 10. Bb5 Qb8 11. Nf1 Qa7 12. Be3 Bxe3 13. Rxe3 Qb6 14. Ba4 Ne7 15. Qc1
Ng6 16. d4 c6 17. dxe5 dxe5 18. N1d2 Rad8 19. Bb3 Rfe8 20. Qc2 Qc7 21. a4 Nf4
22. Bxe6 Rxe6 23. Nc4 Ree8 24. Kh2 Nd7 25. g3 Ng6 26. Kg2 Nc5 27. h4 h5 28. Ne1
Nf8 29. Nd3 Nxd3 30. Rxd3 Rxd3 31. Qxd3 Rd8 32. Qe2 g6 33. Rd1 Rxd1 34. Qxd1 Ne6
35. f3 Nc5 36. Qd6 Qxd6 37. Nxd6 Nxa4 38. Nxb7 Nxb2 39. Nxa5 c5 40. c4 Kf8 41.
Nb3 Nxc4 42. Nxc5 f6 43. Kf2 Kf7 44. Ke2 1/2-1/2

[Event "Online Olym Div2 C 2020"]
[Site "chess.com INT"]
[Date "2020.08.15"]
[Round "5.2"]
[Board "4"]
[White "De Seroux, Camille"]
[Black "Bejatovic, Bojana"]
[Result "1-0"]
[WhiteTitle "WIM"]
[WhiteElo "2137"]
[BlackElo "2031"]
[WhiteTeam "Switzerland"]
[BlackTeam "North Macedonia"]
[WhiteFideId "1305620"]
[BlackFideId "15000141"]
[EventDate "2020.08.14"]
[EventType "team"]

1. e4 c5 2. Nc3 Nc6 3. Bb5 Nd4 4. Bc4 e6 5. Nf3 Ne7 6. O-O Nec6 7. d3 Be7 8.
Nxd4 Nxd4 9. f4 a6 10. a4 d6 11. Be3 O-O 12. Ba2 b5 13. axb5 axb5 14. f5 Bd7 15.
Bxd4 cxd4 16. Ne2 Bg5 17. Kh1 Be3 18. Ng3 Qg5 19. Qf3 g6 20. f6 h5 21. Ne2 e5
22. h3 Rac8 23. c3 Kh7 24. Bb3 Rc7 25. Ra5 Bc8 26. Rfa1 Qh6 27. Rxb5 g5 28. cxd4
g4 29. Qf1 exd4 30. Ng3 Rc5 31. Rxc5 dxc5 32. Ra7 Qg6 33. h4 Kg8 34. Nf5 Bxf5
35. Qxf5 Qh6 36. Qxc5 Qf4 37. Qf5 Qg3 38. Qg6+ Kh8 39. Qg7# 1-0

[Event "Online Olym Div2 C 2020"]
[Site "chess.com INT"]
[Date "2020.08.15"]
[Round "5.2"]
[Board "5"]
[White "Lazov, Toni"]
[Black "Baenziger, Fabian"]
[Result "1-0"]
[WhiteTitle "IM"]
[BlackTitle "IM"]
[WhiteElo "2405"]
[BlackElo "2397"]
[WhiteTeam "North Macedonia"]
[BlackTeam "Switzerland"]
[WhiteFideId "15000770"]
[BlackFideId "1330110"]
[EventDate "2020.08.14"]
[EventType "team"]

1. e4 c5 2. Nc3 d6 3. f4 g6 4. Nf3 Bg7 5. Bc4 Nc6 6. O-O e6 7. d4 cxd4 8. Nb5 a6
9. Nbxd4 Nxd4 10. Nxd4 Nf6 11. f5 e5 12. Nf3 gxf5 13. Ng5 O-O 14. exf5 d5 15.
Bb3 Bd7 16. Qe1 Bb5 17. Rf3 e4 18. Rg3 Bd7 19. Qf2 Qc8 20. Nh3 Bxf5 21. Rxg7+
Kxg7 22. Qh4 Ng8 23. Nf4 Bg6 24. Be3 Qf5 25. Bd4+ f6 26. Rf1 Rad8 27. g4 Qd7 28.
g5 Qf5 29. Nh5+ Bxh5 30. Rxf5 Bg6 31. gxf6+ Kf7 32. Rxd5 1-0

[Event "Online Olym Div2 C 2020"]
[Site "chess.com INT"]
[Date "2020.08.15"]
[Round "5.2"]
[Board "6"]
[White "Tamrazyan, Gohar"]
[Black "Manova, Ivana"]
[Result "0-1"]
[WhiteElo "1802"]
[BlackElo "1742"]
[WhiteTeam "Switzerland"]
[BlackTeam "North Macedonia"]
[WhiteFideId "1330799"]
[BlackFideId "15003590"]
[EventDate "2020.08.14"]
[EventType "team"]

1. Nf3 Nf6 2. e3 d5 3. c4 e6 4. b3 c5 5. Bb2 Nc6 6. cxd5 exd5 7. d4 cxd4 8. Nxd4
Bb4+ 9. Bc3 Qa5 10. Bxb4 Qxb4+ 11. Qd2 Nxd4 12. exd4 Qxd2+ 13. Nxd2 O-O 14. f3
Bf5 15. Kf2 Rac8 16. Be2 Rc2 17. Rhd1 Rfc8 18. Nf1 Bg6 19. Ne3 R2c3 20. Nf1 h5
21. h4 Kf8 22. Ng3 Rc2 23. Ke1 Ne8 24. Bd3 Bxd3 25. Rxd3 Rxg2 26. Nxh5 Rcc2 27.
Kf1 Rh2 28. Ng3 Rh3 29. f4 Rxh4 30. Rad1 Rxf4+ 31. Ke1 Rxa2 32. R1d2 Rxd2 33.
Rxd2 Rf3 34. Rg2 Rxb3 35. Nf5 Rb1+ 36. Kf2 Rb2+ 37. Kf3 Rxg2 38. Kxg2 g6 39. Ne3
Nc7 40. Kf2 Ke7 41. Ke2 Kd6 42. Kf3 Ne6 43. Kg4 Nxd4 0-1

[Event "Online Olym Div2 C 2020"]
[Site "chess.com INT"]
[Date "2020.08.15"]
[Round "5.3"]
[Board "1"]
[White "Van Foreest, Jorden"]
[Black "Sousa, Andre Ventura"]
[Result "1/2-1/2"]
[WhiteTitle "GM"]
[BlackTitle "IM"]
[WhiteElo "2682"]
[BlackElo "2394"]
[WhiteTeam "Netherlands"]
[BlackTeam "Portugal"]
[WhiteFideId "1039784"]
[BlackFideId "1917617"]
[EventDate "2020.08.14"]
[EventType "team"]

1. d4 Nf6 2. Nf3 d5 3. e3 c5 4. Be2 Nc6 5. O-O e6 6. b3 b6 7. c4 dxc4 8. bxc4
Bb7 9. Nc3 cxd4 10. exd4 Bb4 11. Bb2 O-O 12. Rc1 Rc8 13. Qa4 Nh5 14. g3 Qe7 15.
Rfe1 Nf6 16. a3 Bd6 17. d5 Na5 18. Bd3 Bc5 19. Ne4 Nxe4 20. Rxe4 Qd8 21. Qc2
exd5 22. Rg4 d4 23. Bxh7+ Kh8 24. Nxd4 Nxc4 25. Ne6 Bxf2+ 26. Qxf2 Nxb2 27. Qxb2
Rxc1+ 28. Qxc1 fxe6 29. Bg6 Kg8 30. Qc2 Qd5 31. Bh7+ Kh8 32. Be4 Qd4+ 33. Kg2
Bxe4+ 34. Rxe4 Rf2+ 35. Kh3 Rxc2 36. Rxd4 Rc3 37. a4 Rc5 38. Kg4 Kh7 39. Re4 Ra5
40. h4 Kg8 41. Kf4 Kf7 42. g4 Rc5 43. g5 Rf5+ 44. Kg4 Rf1 45. Rc4 Rg1+ 46. Kh5
e5 47. Rc7+ Ke6 48. Kg6 e4 49. Kxg7 Rh1 50. g6 Rxh4 51. Rxa7 e3 52. Ra6 Ke7 53.
Rxb6 Rxa4 54. Rb7+ Ke6 55. Kh7 e2 56. Rb1 Rh4+ 57. Kg8 Re4 58. Re1 Kf6 59. g7
Rg4 60. Rxe2 Rxg7+ 61. Kf8 Rf7+ 62. Ke8 1/2-1/2

[Event "Online Olym Div2 C 2020"]
[Site "chess.com INT"]
[Date "2020.08.15"]
[Round "5.3"]
[Board "2"]
[White "Pereira, Ruben"]
[Black "Bok, Benjamin"]
[Result "0-1"]
[WhiteTitle "IM"]
[BlackTitle "GM"]
[WhiteElo "2440"]
[BlackElo "2624"]
[WhiteTeam "Portugal"]
[BlackTeam "Netherlands"]
[WhiteFideId "1903063"]
[BlackFideId "1017063"]
[EventDate "2020.08.14"]
[EventType "team"]

1. e4 c5 2. Nc3 d6 3. f4 g6 4. Nf3 Bg7 5. Bc4 Nc6 6. O-O e6 7. d3 Nge7 8. Qe1
O-O 9. f5 gxf5 10. Qh4 f6 11. Bh6 Ng6 12. Qh3 Bxh6 13. Qxh6 fxe4 14. dxe4 Qe7
15. Rad1 a6 16. Nh4 Nxh4 17. Qxh4 Ne5 18. Be2 b5 19. a4 b4 20. Nb1 Bb7 21. Nd2
Rad8 22. Nc4 Ng6 23. Qg3 Bxe4 24. Rxd6 Rxd6 25. Nxd6 Bd5 26. Bd3 f5 27. Nc4 Qg7
28. Nb6 c4 29. Nxd5 cxd3 30. Qxd3 exd5 31. Qxd5+ Qf7 32. Qd3 Qe6 33. Qd4 a5 34.
Qc5 Qe5 35. Qc4+ Kg7 36. Rd1 Rf7 37. h3 f4 38. Rd3 f3 39. Rxf3 Rxf3 40. gxf3
Qe1+ 41. Kh2 Qf2+ 42. Kh1 Qxf3+ 43. Kh2 Qf4+ 44. Qxf4 Nxf4 45. Kg3 Ne6 46. Kf3
Kf6 47. Ke4 Nc5+ 48. Kd5 Nxa4 49. b3 Nc3+ 50. Kc5 Kg5 51. Kb6 Kh4 52. Kxa5 Na2
53. Ka4 Kxh3 54. c4 bxc3 55. Ka3 c2 56. Kb2 c1=Q+ 0-1

[Event "Online Olym Div2 C 2020"]
[Site "chess.com INT"]
[Date "2020.08.15"]
[Round "5.3"]
[Board "3"]
[White "Peng, Zhaoqin"]
[Black "Jorge, Rita Maria Osorio"]
[Result "1/2-1/2"]
[WhiteTitle "GM"]
[BlackTitle "WFM"]
[WhiteElo "2358"]
[BlackElo "1983"]
[WhiteTeam "Netherlands"]
[BlackTeam "Portugal"]
[WhiteFideId "1004786"]
[BlackFideId "1923161"]
[EventDate "2020.08.14"]
[EventType "team"]

1. c4 Nf6 2. Nf3 d6 3. d4 g6 4. Nc3 Bg7 5. e4 O-O 6. Be2 Nbd7 7. O-O e5 8. Be3
exd4 9. Nxd4 Nc5 10. f3 a5 11. Ndb5 Be6 12. Qd2 Qe7 13. Rac1 Rfd8 14. Nd5 Bxd5
15. cxd5 c6 16. dxc6 bxc6 17. Nd4 Qb7 18. Rfd1 a4 19. Bf1 Rac8 20. Rb1 Ncd7 21.
b4 d5 22. b5 cxb5 23. Nxb5 Qa8 24. exd5 Ne5 25. d6 Nc4 26. Bxc4 Rxc4 27. Qd3 Rc6
28. Bd4 Qa5 29. h3 Qa6 30. Be5 Nd7 31. Bxg7 Kxg7 32. Qd4+ Kg8 33. Rdc1 Rxc1+ 34.
Rxc1 Qxb5 35. Kh1 Qe5 36. Qxa4 Qxd6 37. Rd1 Qe7 38. Qd4 Ra8 39. Qxd7 Qxd7 40.
Rxd7 Rxa2 41. Kh2 Kg7 42. h4 Ra4 43. Kg3 Rb4 44. Ra7 Rc4 45. Rb7 Ra4 46. Rc7 Rb4 1/2-1/2

[Event "Online Olym Div2 C 2020"]
[Site "chess.com INT"]
[Date "2020.08.15"]
[Round "5.3"]
[Board "4"]
[White "Pintor, Ariana"]
[Black "Werle, Iozefina"]
[Result "0-1"]
[WhiteTitle "WFM"]
[BlackTitle "WGM"]
[WhiteElo "1903"]
[BlackElo "2300"]
[WhiteTeam "Portugal"]
[BlackTeam "Netherlands"]
[WhiteFideId "1902806"]
[BlackFideId "1213261"]
[EventDate "2020.08.14"]
[EventType "team"]

1. e4 e6 2. d4 d5 3. exd5 exd5 4. Bd3 Bd6 5. Nf3 Ne7 6. O-O Bg4 7. c3 Nbc6 8.
Nbd2 Qd7 9. Qc2 O-O-O 10. b4 Kb8 11. Re1 f6 12. h3 Bf5 13. b5 Bxd3 14. Qxd3 Na5
15. Nb3 Nc4 16. a4 g5 17. Nc5 Bxc5 18. dxc5 Ng6 19. Nd4 Nf4 20. Bxf4 gxf4 21. c6
Qg7 22. Ne6 Qg8 23. Nxd8 Qxd8 24. cxb7 Rg8 25. Qf5 Ne5 26. Kh1 f3 27. gxf3 Kxb7
28. Rad1 Rg5 29. Qf4 Qd7 30. Kh2 Rf5 31. Qg3 Nxf3+ 32. Kh1 Rh5 33. Qxf3 Rxh3+
34. Qxh3 Qxh3+ 35. Kg1 Qxc3 36. Rc1 Qb4 37. Ra1 Qg4+ 38. Kf1 f5 39. a5 f4 40.
Ra4 Qh3+ 41. Ke2 Qb3 42. a6+ Kb6 43. Rxf4 Qxb5+ 44. Kf3 Kxa6 45. Rf6+ c6 46.
Ra1+ Kb6 47. Rf8 Qd3+ 48. Kg2 Qe4+ 49. Kg1 a6 50. Rb8+ Ka7 51. Rf8 d4 52. Rf7+
Kb6 53. Rf8 Qg4+ 54. Kf1 d3 55. Rb1+ Kc5 56. Rc1+ Kb6 57. Rb1+ Kc7 58. Rf7+ Kd6
59. Rf6+ Kd5 60. f3 Qh3+ 61. Kg1 Qg3+ 62. Kf1 Qe5 63. Rh6 Qe2+ 64. Kg1 Qe3+ 0-1

[Event "Online Olym Div2 C 2020"]
[Site "chess.com INT"]
[Date "2020.08.15"]
[Round "5.3"]
[Board "5"]
[White "Vrolijk, Liam"]
[Black "Veiga, Jose Francisco R P Neves"]
[Result "1-0"]
[WhiteTitle "IM"]
[BlackTitle "FM"]
[WhiteElo "2481"]
[BlackElo "2322"]
[WhiteTeam "Netherlands"]
[BlackTeam "Portugal"]
[WhiteFideId "1048333"]
[BlackFideId "1930087"]
[EventDate "2020.08.14"]
[EventType "team"]

1. c4 Nf6 2. Nc3 g6 3. e4 d6 4. d4 Bg7 5. f3 O-O 6. Nge2 c5 7. d5 e6 8. Ng3 exd5
9. cxd5 a6 10. a4 Nbd7 11. Be2 h5 12. Bg5 Qb6 13. Qd2 Nh7 14. Bh4 f6 15. Nf1 Ne5
16. Ne3 f5 17. f4 Ng4 18. Nc4 Qc7 19. h3 Ngf6 20. e5 Ne4 21. Nxe4 fxe4 22. Nxd6
g5 23. Bg3 e3 24. Qxe3 Qa5+ 25. Qd2 Qxd2+ 26. Kxd2 gxf4 27. Bf2 Bxe5 28. Nc4 Rd8
29. Bf3 Bd4 30. Bxd4 cxd4 31. Kd3 Nf6 32. Kxd4 Be6 33. Nb6 Rab8 34. Ke5 Bf7 35.
Rhd1 Kg7 36. Kxf4 Rd6 37. a5 Rbd8 38. Ke5 Ne8 39. Rac1 Rf6 40. Rc8 Rfd6 41. Rxd8
Rxd8 42. d6 Nf6 43. d7 Bb3 44. Rd4 Bf7 45. Kd6 Kf8 46. Kc7 Ke7 47. Nc8+ 1-0

[Event "Online Olym Div2 C 2020"]
[Site "chess.com INT"]
[Date "2020.08.15"]
[Round "5.3"]
[Board "6"]
[White "Avelino, Camila Biscaya"]
[Black "Van Foreest, Machteld"]
[Result "0-1"]
[WhiteElo "1732"]
[BlackElo "2161"]
[WhiteTeam "Portugal"]
[BlackTeam "Netherlands"]
[WhiteFideId "1938975"]
[BlackFideId "1051563"]
[EventDate "2020.08.14"]
[EventType "team"]

1. e4 e5 2. Nf3 Nc6 3. Bb5 Nf6 4. O-O Nxe4 5. d4 Nd6 6. Bxc6 dxc6 7. dxe5 Nf5 8.
Qxd8+ Kxd8 9. Nc3 h5 10. Bg5+ Ke8 11. Rad1 Be6 12. Ne4 Be7 13. Bxe7 Kxe7 14. b3
Bd5 15. Rfe1 Rad8 16. c4 Bxe4 17. Rxd8 Rxd8 18. Rxe4 c5 19. Kf1 Nd4 20. Nxd4
Rxd4 21. Re3 Rd2 22. a4 Ke6 23. h4 b6 24. g3 a6 25. Ke1 Rb2 26. Kf1 c6 27. Ke1
g6 28. f4 b5 29. Rc3 bxa4 30. bxa4 Ra2 31. Rd3 Rxa4 32. Rd6+ Kf5 33. Rxc6 Kg4
34. Rf6 Rxc4 35. Rxf7 Kxg3 36. Rf6 a5 37. Rxg6+ Kxf4 38. Rg5 Re4+ 39. Kd2 Rxe5
40. Rg8 Ke4 41. Kc3 Kf4 42. Kc4 a4 43. Rg1 Kf3 0-1

[Event "Online Olym Div2 C 2020"]
[Site "chess.com INT"]
[Date "2020.08.15"]
[Round "5.4"]
[Board "1"]
[White "Borisek, Jure"]
[Black "Mansour, Sameer"]
[Result "0-1"]
[WhiteTitle "GM"]
[BlackTitle "IM"]
[WhiteElo "2591"]
[BlackElo "2308"]
[WhiteTeam "Slovenia"]
[BlackTeam "Jordan"]
[WhiteFideId "14603152"]
[BlackFideId "8100144"]
[EventDate "2020.08.14"]
[EventType "team"]

1. e4 d6 2. d4 Nf6 3. Nc3 e5 4. Nf3 exd4 5. Nxd4 Be7 6. g3 O-O 7. Bg2 Re8 8. O-O
Bf8 9. h3 Nc6 10. Nde2 g6 11. g4 Bg7 12. Ng3 Nd7 13. f4 Nb6 14. Nd5 Nxd5 15.
exd5 Qh4 16. Kh2 Nd4 17. c3 Ne2 18. Nxe2 Bxg4 19. Qe1 Qxe1 20. Rxe1 Bxe2 21. Bd2
f5 22. Kg3 Kf7 23. Kf2 Bd3 24. Rxe8 Rxe8 25. Be3 Bf6 26. Bf1 Bh4+ 27. Kf3 Be4+
28. Ke2 Bxd5 29. Kd2 a6 30. b4 Bf6 31. Bf2 Bf3 32. a4 d5 33. Rb1 Re4 34. Bg3 Re6
35. b5 axb5 36. axb5 Ke7 37. Ra1 Kd7 38. Ra8 Bh5 39. Rb8 Bxc3+ 40. Kxc3 Re3+ 41.
Kd4 Rxg3 42. Rxb7 Rf3 43. Bd3 Rxf4+ 44. Ke5 Rb4 45. Ra7 Rb3 46. Kd4 f4 47. Ra8
Bf3 48. Rf8 Be4 49. Bxe4 dxe4 50. Kxe4 Rxb5 51. Rf7+ Ke6 52. Rxh7 Rb4+ 53. Kf3
c6 54. h4 Rc4 55. Rh8 Kf6 56. Kg4 c5 57. Rf8+ Kg7 58. Rc8 Kf6 59. Rf8+ Ke5 60.
Kg5 Rc1 61. Re8+ Kd5 62. Kxf4 Rg1 63. Ke3 Rg3+ 64. Ke2 Kd4 65. Kd2 Rg2+ 66. Kc1
c4 67. Rf8 Kc3 68. Rf3+ Kb4 69. Re3 Rg4 70. Rh3 c3 71. h5 Kb3 72. Kd1 gxh5 73.
Rxh5 Rg1+ 0-1

[Event "Online Olym Div2 C 2020"]
[Site "chess.com INT"]
[Date "2020.08.15"]
[Round "5.4"]
[Board "2"]
[White "Ahmad, Al Khatib"]
[Black "Sebenik, Matej"]
[Result "0-1"]
[WhiteTitle "IM"]
[BlackTitle "GM"]
[WhiteElo "2254"]
[BlackElo "2498"]
[WhiteTeam "Jordan"]
[BlackTeam "Slovenia"]
[WhiteFideId "8103178"]
[BlackFideId "14602296"]
[EventDate "2020.08.14"]
[EventType "team"]

1. Nf3 Nf6 2. g3 g6 3. b3 Bg7 4. Bb2 b6 5. Bg2 Bb7 6. O-O c5 7. c4 O-O 8. Nc3
Na6 9. Rc1 e6 10. d4 d5 11. cxd5 exd5 12. dxc5 bxc5 13. Na4 Qe7 14. Ba3 Rfc8 15.
Ne1 Ne4 16. Nd3 d4 17. Ndxc5 Naxc5 18. Nxc5 Nc3 19. Rxc3 Bxg2 20. Rc4 Bxf1 21.
Qxf1 Re8 22. Rc2 a5 23. Qc1 Rac8 24. Qd2 h5 25. h4 Qe5 26. Qd3 Rc7 27. Kf1 Bf8
28. Qb5 Rec8 29. b4 axb4 30. Bxb4 Bxc5 31. Bxc5 Rxc5 32. Rxc5 Qxc5 0-1

[Event "Online Olym Div2 C 2020"]
[Site "chess.com INT"]
[Date "2020.08.15"]
[Round "5.4"]
[Board "3"]
[White "Unuk, Laura"]
[Black "Boshra, Alshaeby"]
[Result "1-0"]
[WhiteTitle "WGM"]
[BlackTitle "WFM"]
[WhiteElo "2315"]
[BlackElo "2033"]
[WhiteTeam "Slovenia"]
[BlackTeam "Jordan"]
[WhiteFideId "14609215"]
[BlackFideId "8102937"]
[EventDate "2020.08.14"]
[EventType "team"]

1. d4 Nf6 2. c4 g6 3. Nf3 Bg7 4. g3 O-O 5. Bg2 d6 6. O-O Nc6 7. Nc3 a6 8. b3 Rb8
9. Nd5 Nxd5 10. cxd5 Na7 11. Bb2 b5 12. Qc2 Bb7 13. e4 b4 14. Rac1 c6 15. dxc6
Nxc6 16. d5 Bxb2 17. dxc6 Bxc1 18. Qxc1 Bxc6 19. Qxc6 Qa5 20. Qc2 Rfc8 21. Qe2
Qb5 22. Qe3 Rc2 23. Nd4 Rc3 24. Nxb5 Rxe3 25. fxe3 Rxb5 26. Rc1 Ra5 27. Rc2 Kg7
28. Kf2 h5 29. h4 g5 30. Bf3 g4 31. Bg2 Kf6 32. Ke2 Ke5 33. Kd3 e6 34. Rf2 f6
35. Rc2 Rb5 36. Kd2 Ra5 37. Kc1 Rb5 38. Rc8 f5 39. Rh8 Rc5+ 40. Kb2 Rc3 41. exf5
Rxe3 42. fxe6 Re2+ 43. Kc1 Kd4 44. e7 Rxe7 45. Rxh5 Re2 46. Bd5 Ke3 47. Bc4 Rxa2
48. Rd5 Rg2 49. Rxd6 Rg1+ 50. Rd1 Rg2 51. h5 Rh2 52. Bf7 a5 53. Bg6 a4 54. bxa4
b3 55. Rd3+ Kf2 56. Rxb3 Rh1+ 57. Kb2 1-0

[Event "Online Olym Div2 C 2020"]
[Site "chess.com INT"]
[Date "2020.08.15"]
[Round "5.4"]
[Board "4"]
[White "Alattar, Ghayda M."]
[Black "Janzelj, Lara"]
[Result "0-1"]
[WhiteTitle "WFM"]
[BlackTitle "WIM"]
[WhiteElo "1868"]
[BlackElo "2210"]
[WhiteTeam "Jordan"]
[BlackTeam "Slovenia"]
[WhiteFideId "8101531"]
[BlackFideId "14608391"]
[EventDate "2020.08.14"]
[EventType "team"]

1. d4 d5 2. Nc3 Nf6 3. Bg5 Nbd7 4. f3 h6 5. Bh4 e6 6. e3 Be7 7. Qd2 c5 8. Bg3 a6
9. Nge2 O-O 10. Nf4 b5 11. a3 Bb7 12. Be2 Rc8 13. O-O Nb6 14. Kh1 Bd6 15. Qe1
Qc7 16. Bd3 cxd4 17. Nd1 dxe3 18. Qxe3 d4 19. Qd2 Nc4 20. Bxc4 bxc4 21. Ne2 Bxg3
22. Nxg3 Rfd8 23. Qe1 Rd5 24. Nf2 Rb5 25. Rb1 Nd5 26. Ng4 Rd8 27. Nh5 Ne3 28.
Qh4 Rxh5 29. Qxh5 Nxf1 30. Rxf1 d3 31. cxd3 cxd3 32. Ne3 d2 33. Qh4 Rd3 34. Nd1
Qe5 35. Qf2 a5 36. b4 a4 37. Qb6 Bd5 38. Qb5 Qe2 39. Rg1 Bxf3 40. Qe8+ Kh7 41.
Nc3 Bxg2+ 42. Rxg2 Qf1+ 43. Rg1 Qf3+ 44. Rg2 d1=Q+ 0-1

[Event "Online Olym Div2 C 2020"]
[Site "chess.com INT"]
[Date "2020.08.15"]
[Round "5.4"]
[Board "5"]
[White "Stevanic, David"]
[Black "Saif, Malek"]
[Result "1-0"]
[WhiteTitle "FM"]
[BlackTitle "CM"]
[WhiteElo "2337"]
[BlackElo "2168"]
[WhiteTeam "Slovenia"]
[BlackTeam "Jordan"]
[WhiteFideId "14613921"]
[BlackFideId "8104220"]
[EventDate "2020.08.14"]
[EventType "team"]

1. e4 e5 2. Nf3 Nc6 3. Bc4 Nf6 4. d3 h6 5. O-O d6 6. a4 g5 7. Nbd2 g4 8. Ne1 d5
9. exd5 Nxd5 10. Ne4 Be7 11. f4 f5 12. Ng3 Bc5+ 13. Kh1 Nxf4 14. Bxf4 exf4 15.
Nh5 Ne5 16. Bb3 f3 17. gxf3 b6 18. Ng7+ Kf8 19. Nxf5 Bb7 20. d4 Qd7 21. dxe5
Qxf5 22. Qe2 Re8 23. Rd1 Rxe5 24. Qd3 Kg7 25. Qxf5 Rxf5 26. Rd7+ Kg6 27. Rxc7
Rh7 28. Rxh7 Kxh7 29. c3 Rf4 30. Bc2+ Kg7 31. Kg2 h5 32. Bd1 Ba6 33. Rh1 h4 34.
b4 h3+ 35. Kg3 Bd6 36. Kf2 Bb7 37. Rg1 Bc8 38. Ke3 Rc4 39. Kd3 Rc7 40. fxg4 Bxh2
41. Rh1 Bg3 42. Nf3 Bxg4 43. Rg1 h2 44. Nxh2 Rd7+ 45. Kc4 Be6+ 46. Kb5 Rd5+ 47.
Kc6 Rg5 48. Nf3 Bd5+ 49. Kd7 Rg6 50. Rf1 Rd6+ 51. Ke7 Re6+ 52. Kd7 Kh6 53. Nd4
Rd6+ 54. Ke7 Kg5 55. Rf5+ Kg6 56. Bc2 Kh6 57. Rf8 Rg6 58. Bxg6 Kxg6 59. Rf1 Bh4+
60. Kd6 Bc4 61. Rg1+ Kf7 62. Nc6 a6 63. Ne5+ Kf6 64. Nxc4 1-0